000 00613nam a2200265Ia 4500
005 20260306163456.0
008 008 260114s9999 xx 000 0 eng d
020 _a9781604738377
037 _aEBOOK
040 _aCRL
040 _beng
040 _cCRL
041 _2eng
041 _aeng
084 _qCRL
100 _aMcbride
245 0 _aSteven Spielberg
260 _bMississippi Scholarship Online
260 _c2014
650 _aJournalism & Mass Communication
856 _uhttps://academic.oup.com/book/33247
942 _cEBOOK
999 _c1710249
_d1710249